=LDR 00000nam 2200000 4500 =001 INLIS000000000006938 =005 20200311074332 =035 ##$$a 0010-061300000006938 =008 200311################g##########0#ind## =041 ##$$a Ind =082 ##$$a 252 =090 ##$$a 252, Gar f =100 ##$$a Gara, Nico =245 1#$$a Firman hidup 40 /$c Pdt. Nico Gara =260 ##$$a Jakarta :$b Gunung Mulia,$c 1996 =300 ##$$a 146 hlm. ; $c 18 x 13 cm. =650 #4$$a Khotbah (Kristen) =084 ##$$a 252 GAR f =990 ##$$a 112.967/Pro-97 =990 ##$$a 112.968/Pro-97 =990 ##$$a 112.967/Pro-97